Historia política legislativa de la Asamblea Legislativa de Costa Rica: semblanza parlamentaria: Alfonso Carro Zúñiga /
Recupera la biografía, la experiencia política y la labor del exdiputado Alfonso Carro. La semblanza incluye un apartado de familia y juventud, estudios y vida laboral, trayectoria política y pública, labor parlamentaria, comisiones a las que perteneció, proyectos de ley presentados, leyes acuerdos...
محفوظ في:
| المؤلف الرئيسي: | |
|---|---|
| مؤلفون آخرون: | |
| التنسيق: | كتاب |
| اللغة: | Spanish |
| الموضوعات: | |
| الوسوم: |
إضافة وسم
لا توجد وسوم, كن أول من يضع وسما على هذه التسجيلة!
|
MARC
| LEADER | 00000nam a22000007a 4500 | ||
|---|---|---|---|
| 003 | cru CIDCACS/IIS | ||
| 005 | 20170926150000.0 | ||
| 007 | ta | ||
| 008 | 170906s2016 cr |||p|r|||| 00| 0 spa d | ||
| 999 | |c 40380 |d 40380 | ||
| 040 | |c cru CIDCACS/IIS | ||
| 100 | 1 | |9 5513 |a Núñez Artiles, Adriana | |
| 245 | 1 | |a Historia política legislativa de la Asamblea Legislativa de Costa Rica: |b semblanza parlamentaria: Alfonso Carro Zúñiga / |c Adriana Núñez Artiles, Clara Zárate Sánchez | |
| 300 | |a páginas 133-180 |b fotos | ||
| 520 | |a Recupera la biografía, la experiencia política y la labor del exdiputado Alfonso Carro. La semblanza incluye un apartado de familia y juventud, estudios y vida laboral, trayectoria política y pública, labor parlamentaria, comisiones a las que perteneció, proyectos de ley presentados, leyes acuerdos y bibliografía, además de entrevistas y los artículos referentes al personaje central. | ||
| 650 | 1 | 0 | |9 4277 |a ORGANOS LEGISLATIVOS |
| 650 | 4 | |9 3249 |a PARLAMENTO | |
| 650 | 1 | 0 | |9 3603 |a PRACTICA PARLAMENTARIA |
| 650 | 1 | 0 | |9 3753 |a PODER LEGISLATIVO |
| 650 | 1 | 0 | |9 631 |a BIOGRAFIAS |
| 650 | 1 | 0 | |9 297 |a BIBLIOGRAFIAS |
| 700 | 1 | |9 5514 |a Zárate Sánchez, Clara | |
| 773 | 0 | |0 19367 |9 1268 |a Costa Rica. |d San José, Costa Rica: Asamblea Legislativa, 1986- |o 18803 |t Revista Parlamentaria / |x 1409007 | |
| 942 | |2 ddc |c PP | ||
